Statistics for Mythological Creatures

Click here to take the quiz!

General Stats

  • This quiz has been taken 1,139 times
  • The average score is 10 of 15

Answer Stats

HintAnswer% Correct
Giant with only one eyeCyclops
95%
Bird born of ashesPheonix
93%
Singing beings who bring sailors to their doom.Sirens
93%
Large Scaled Reptile, Breathes Fire/Acid/ColdDragon
91%
Giant squid, known for terrorising ships and such on the seasKraken
89%
Can be found in caves or under bridges, amongst other places. Large, stupid, but tough.Troll
87%
Not too fond of a stake through the heartVampire
87%
Shambling, rotting corpses. Affectionately known by Dempsey as 'Meat Bags'Zombie
81%
Seen by people all the time, lives in America, doesn't actually existSasquatch
74%
Lupus LycanthorpeWerewolf
74%
Humanoid being, generally made of clay or rock. Does the bidding of whoever created it.Golem
61%
A beast similar to a Sphynx, with the body of a lion, the head of a human and a tail which fires poisonous projectilesManticore
38%
Large flying beast made up of parts of a Lion and an EagleGryphon
36%
4-Limbed Breed of the AboveDrake
15%
Large being, starring in many games, one large eye, encircled in tentacles, each with an eye on the end.Beholder
14%

Score Distribution

Percentile by Number Answered

Percent of People with Each Score

Your Score History

You have not taken this quiz